| 000 | 00913nam a2200229 i 4500 | ||
|---|---|---|---|
| 001 | 185602 | ||
| 003 | ES-MaACL | ||
| 005 | 20230906222456.0 | ||
| 008 | 160726s1992 sp |||| | spa d | ||
| 020 | _a84-85348-87-7 | ||
| 080 | _a316.334.4 | ||
| 245 | 0 | 0 |
_aSentido y razón del derecho _b: enfoques socio-jurídicos para la sociedad democrática : ponencias y comunicaciones al grupo de trabajo (nº 6) "Sociología jurídica" del III Congreso de Sociología del Estado Español (San Sebastián 28, 29, 30 de septiembre-1 de octubre de 1989) / _cRoberto Bergalli (coord.). |
| 250 | _a1ª ed. | ||
| 260 |
_aBarcelona : _bHacer, _c1992. |
||
| 300 |
_aXXVI, 346 p. ; _c21 cm. |
||
| 490 | 1 |
_aSociedad-Estado ; _v9 |
|
| 650 | 0 | 4 |
_aSociología del derecho. _917212 |
| 700 | 1 |
_aBergalli, Roberto. _927924 |
|
| 830 | 0 |
_aSociedad-Estado ; _v9 _9225252 |
|
| 852 |
_aES-MaACL _jL-30476 |
||
| 999 |
_c185602 _d185602 |
||